header

What the rabbis said (Record no. 23146)

MARC details
000 -LEADER
fixed length control field 01802nam a2200373 a 4500
082 04 - DEWEY DECIMAL CLASSIFICATION NUMBER
Classification number 296.6/10973
100 1# - MAIN ENTRY--AUTHOR NAME
Personal name Cohen, Naomi Wiener,
245 10 - TITLE STATEMENT
Title What the rabbis said
260 ## - PUBLICATION, DISTRIBUTION, ETC. (IMPRINT)
Place of publication New York :
Name of publisher New York University Press,
Year of publication c2008.
300 ## - PHYSICAL DESCRIPTION
Number of Pages x, 261 p.
505 0# - FORMATTED CONTENTS NOTE
Formatted contents note The muzzled rabbi -- From the words of Sabato Morais -- Heroes and villains -- Meant for children -- Rabbi versus rabbi -- Restoration to Palestine -- Rabbis under attack -- The new antisemitism -- The world's parliament of religions -- Building a profession.
650 #0 - SUBJECT ADDED ENTRY--TOPICAL TERM
Topical Term Rabbis
Topical Term Jewish sermons, American
Topical Term Judaism
Topical Term Jews
Topical Term Jews
856 40 - ELECTRONIC LOCATION AND ACCESS
Uniform Resource Identifier http://site.ebrary.com/lib/rucke/Doc?id=10268987

No items available.

© 2026 Rongo University
Contact us: librarian | system librarian | Rongo university